000 00724nam a2200241Ia 4500
003 OSt
005 20220928115137.0
006 a|||||r|||| 00| 0
007 ta
008 220927b |||||||| |||| 00| 0 eng d
024 _a38162
037 _cReference Collections
040 _aSDCL
_cSDCL
_beng
041 _2eng
_aeng
082 _aD65,4k1,N98, N8 RR
100 _aHeld Gilbert
_9443230
245 0 _aDictionary of communications technology
_b Terms, definitions and abbreviations.
250 _a3
260 _aChichester
_bJohn Wiley
_c1998
300 _ax,692p.
_ccm.
942 _hD65,4k1,N98, N8 RR
_cREF
_2CC
999 _c758381
_d758381